BIBLIOTHÈQUE DE LA MAISON DU MEXIQUE

Logo 1 Logo 2

Extremos de México (notice nᵒ 10669)

détails MARC
000 -Sello discográfico
campo de control de longitud fija 01185nam a2200349 4500
005 - Identificación de versión
campo de control 20251017062804.0
035 ## - Otros números de control del sistema
Número de control del sistema 28281
035 ## - Otros números de control del sistema
Número de control del sistema 8803
099 ## - fechas locales
Tipo de ítem Koha LIBRO
100 ## - Datos de procesamiento general
Datos de procesamiento general 20040120d1971 m y1spay5003 ba
105 ## - Campo de datos codificados: Material textual, monográfico
Datos codificados de monografía a 001zb
200 1# - Título y mención de responsabilidad
Título propio Extremos de México
Designación general del material texto impreso
Otra información del título homenaje a don Daniel Cosío Villegas
Primer mención de responsabilidad El Colegio de México
205 ## - Declaración de edición
Declaración de edición 1a ed
210 ## - Publicación, distribución, etc.
Lugar de publicación, distribución, etc. México
Nombre del editor, distribuidor, etc. El Colegio de México, Centro de Estudios Históricos
Fecha de publicación, distribución, etc. 1971
215 ## - Descripción física
Designación de material específico y extensión del ítem 588 p
Otras características físicas fot.
Dimensiones 22 cm
318 ## - Nota de acción
Acción No se presta a domicilio
320 ## - Nota de índices/bibliografías internas
Texto de la nota Incluye notas bibliográficas
345 ## - Nota de información de adquisición
Fuente de adquisición/dirección de la suscripción [OBSOLETO] Donación
410 #1 - Series
Título Centro de Estudios Históricos
Nombre de parte o sección Nueva Serie
Número de volumen 14
600 ## - Nombre personal usado como materia
Elemento de entrada Cosío Villegas
Parte del nombre distinta del elemento de entrada Daniel
Fechas 1898-1976
Número Koha 7476
607 ## - Nombre geográfico utilizado como tema
Elemento de entrada México
Subdivisión temática Historia
Número Koha 112
660 ## - Código de área geográfica
Código MX
710 ## - Nombre de entidad corporativa - Responsabilidad primaria
Elemento de entrada El Colegio de México
Subdivisión Centro de Estudios Históricos
Código de Relator Autor
Número Koha 4796
801 #0 - Fuente de origen
País FR
Agencia cm
Reglas de catalogación (convenciones descriptivas) AFNOR
900 ## -
-- 1/6088
900 ## -
-- 7100417849\200104
942 ## - ELEMENTOS DE ENTRADA SECUNDARIOS (KOHA)
Tipo de ítem Koha Livre
996 ## -
-- MEX
-- 751145101
-- MMAG
-- 002634
-- 972 C39E
-- 20120430LIV
996 ## -
-- MEX
-- 751145101
-- MMAG
-- 002635
-- R972 C39E
-- 20120430LIV
Exemplaires
Estatus retirado Estado de daño Estado de pérdida Fecha de adquisición Biblioteca de origen Biblioteca actual Ubicación en estantería Código de barras Precio de reemplazo Signatura topográfica completa No para préstamo Tipo de ítem Koha Nota pública Nota no pública
      05/08/2025 Casa México Paris Casa México Paris   002634 05/08/2025 972 C39E No se presta a domicilio Livre 20120430LIV 751145101